000 00374nam a2200145Ia 4500
008 240624s9999 xx 000 0 und d
041 _aeng
082 _a658.406 VIV
100 _aVIVA CAREER SKILLS LIBRARY
245 _aORGANIZATION SKILLS
250 _a(2nd ed.)
260 _c2008
_aNew Delhi
_bViva Books Pvt. Ltd.
300 _a138 : p. : cm. ; 22
365 _cRS
_b33
999 _c10852
_d10852